000 00446nam a2200157Ia 4500
008 210716s2006 xx 000 0 und d
020 _a8120329791
041 _aeng
082 _a004.22 RAJV
100 _aRajaraman, V; Radhakrishnan, T.
245 _aDigital logic and computer organization.
250 _a1
260 _aNew Delhi
_bPrentice Hall of India PVt Ltd
_c2006
300 _axi,513
650 _aComputer Architecture/Organization
999 _c189088
_d189088